000
00309nam a2200097Ia 4500
008
240331s9999 xx 000 0 und d
082
_b
JEE
100
_a
Jeevandara, P
245
0
_a
Adu adayam labi pavulvala lamunge ha kanthawange adyapana thathwaya nanwalime viyapruthiya :
_b
Obesekarapura Rajagiriya
942
_c
L
999
_c
2227
_d
2227